| 000 | 00964pam a2200301 a 4500 | ||
|---|---|---|---|
| 001 | 4314834 | ||
| 003 | NUST - PNEC | ||
| 005 | 20170116180828.0 | ||
| 008 | 871130s1988 caua 001 0 eng | ||
| 010 | _a 87033203 | ||
| 020 | _a002946143X | ||
| 020 | _a0023804602 | ||
| 040 |
_aDLC _cLIBRARY _dDLC |
||
| 050 | 0 | 0 |
_aQA276 _b.M428 1988 |
| 082 | 0 | 0 |
_a519.5'02462 MEN _219 |
| 100 | 1 | _aMendenhall, William. | |
| 245 | 1 | 0 |
_aStatistics for the engineering and computer sciences / _cWilliam Mendenhall, Terry Sincich. |
| 250 | _a2nd ed. | ||
| 260 |
_aSan Francisco, Calif. : _bDellen Pub. Co. ; _aLondon : _bCollier Macmillan, _cc1988. |
||
| 300 |
_axvi, 1036 p. : _bill. ; _c25 cm. |
||
| 500 | _aIncludes index. | ||
| 650 | 0 |
_aMathematical statistics. _xME |
|
| 650 | 0 |
_aMathematics _xData processing. |
|
| 650 | 0 |
_aEngineering _xStatistical methods. |
|
| 700 | 1 | _aSincich, Terry. | |
| 906 |
_a7 _bcbc _corignew _d1 _eocip _f19 _gy-gencatlg |
||
| 942 |
_2ddc _cBK |
||
| 999 |
_c63955 _d63955 |
||